000 00509nam a22001697a 4500
003 0
005 20231116154822.0
008 231116b xxu||||| |||| 00| 0 eng d
020 _a978-621-409-146-1
050 _aDS 668
_b.R43 2019
245 _aReadings in Philippine history
260 _aMandaluyong City
_bBooks Atbp. Publishing Corp.
_cc2019
300 _aviii, 132 pages ;
_c23 cm.
504 _aIncludes bibliographical references and index.
650 _aPhilippine--History.
942 _2lcc
_cBK
999 _c365605
_d365605